[Event "16ème Open de Saint Affrique"]
[Site "Saint Affrique"]
[Date "2008.07.25"]
[Round "8.4"]
[White "Shoker, Samy"]
[Black "Karpatchev, Aleksandr"]
[Result "0-1"]
[WhiteElo "2365"]
[BlackElo "2460"]
[PlyCount "66"]
[EventDate "2008.??.??"]

1. g3 d5 2. Bg2 g6 3. Nf3 Bg7 4. O-O Nf6 5. d3 O-O 6. c4 dxc4 7. dxc4 c6 8. Qb3
Nbd7 9. h3 e5 10. Nc3 Re8 11. Be3 h6 12. Rfd1 Qa5 13. a3 Nb6 14. Nd2 Be6 15.
Qa2 e4 16. g4 Rad8 17. Bxb6 axb6 18. Ndxe4 Nxe4 19. Nxe4 Qe5 20. e3 b5 21. b3
bxc4 22. bxc4 b5 23. Nd2 h5 24. Bxc6 hxg4 25. Bxe8 Rxe8 26. hxg4 Bxg4 27. Nf1
Bf3 28. Ng3 Qe6 29. Kh2 Qg4 30. Rh1 Be5 31. Kg1 Bxg3 32. fxg3 Qxg3+ 33. Kf1
Bxh1 0-1

[Event "16ème Open de Saint Affrique"]
[Site "Saint Affrique"]
[Date "2008.07.25"]
[Round "8.5"]
[White "Shirazi, Kamran"]
[Black "Bedouin, Xavier"]
[Result "0-1"]
[WhiteElo "2440"]
[BlackElo "2365"]
[PlyCount "60"]
[EventDate "2008.??.??"]

1. e4 c5 2. b4 cxb4 3. a3 d5 4. exd5 Qxd5 5. Nf3 e5 6. c4 Qe6 7. Ra2 Be7 8.
axb4 Nf6 9. Qa4+ Nc6 10. b5 Nd4 11. d3 Nxf3+ 12. gxf3 O-O 13. f4 exf4+ 14. Re2
Qd6 15. Qc2 Re8 16. Bg2 Bg4 17. Bxb7 Bxe2 18. Kxe2 Qe5+ 19. Kf1 Rad8 20. Rg1
Bc5 21. Kg2 Qe2 22. Qxe2 Rxe2 23. Rf1 Rxd3 24. Bxf4 Ne4 25. Bg3 g5 26. Rc1 Nxg3
27. hxg3 Rxf2+ 28. Kh3 f5 29. Rc3 g4+ 30. Kh4 Be7+ 0-1

[Event "16ème Open de Saint Affrique"]
[Site "Saint Affrique"]
[Date "2008.07.25"]
[Round "8.6"]
[White "Borsos, Bogdan"]
[Black "Guichard, Pauline"]
[Result "1/2-1/2"]
[WhiteElo "2377"]
[BlackElo "2284"]
[PlyCount "58"]
[EventDate "2008.??.??"]

1. Nf3 d5 2. g3 c6 3. Bg2 Nf6 4. O-O Bf5 5. d3 h6 6. c4 e6 7. Be3 Nbd7 8. Qb3
Qb8 9. cxd5 exd5 10. Bf4 Qc8 11. Nc3 Be7 12. Rac1 Nc5 13. Qd1 O-O 14. Be5 Qe6
15. Re1 Bg4 16. Bd4 Qf5 17. Nh4 Qh5 18. Nxd5 Nxd5 19. Bxc5 Bxh4 20. Bxf8 Bg5
21. Bxd5 Bxc1 22. Bg2 Bxb2 23. Bb4 Bd4 24. Qd2 Bb6 25. Bc3 Rd8 26. Be4 Bf5 27.
Bf3 Bg4 28. Be4 Bf5 29. Bf3 Bg4 1/2-1/2

[Event "16ème Open de Saint Affrique"]
[Site "Saint Affrique"]
[Date "2008.07.25"]
[Round "8.7"]
[White "Okhotnik, Vladimir"]
[Black "Mullon, Jean-Baptiste"]
[Result "1/2-1/2"]
[WhiteElo "2468"]
[BlackElo "2336"]
[PlyCount "42"]
[EventDate "2008.??.??"]

1. e4 e6 2. d4 d5 3. exd5 exd5 4. Nf3 Nc6 5. Bb5 Bd6 6. c4 dxc4 7. O-O Nge7 8.
Bxc4 O-O 9. h3 Bf5 10. Nc3 Ng6 11. Nb5 Bf4 12. Bxf4 Nxf4 13. d5 Na5 14. Qd4 Ng6
15. b4 Nxc4 16. Qxc4 c6 17. dxc6 Bd3 18. Qc5 b6 19. Qh5 Nf4 20. Qe5 Ng6 21. Qh5
Nf4 1/2-1/2

[Event "16ème Open de Saint Affrique"]
[Site "Saint Affrique"]
[Date "2008.07.25"]
[Round "8.8"]
[White "Mancini, Mario"]
[Black "Sikula, Vaszilij"]
[Result "0-1"]
[WhiteElo "2268"]
[BlackElo "2540"]
[PlyCount "58"]
[EventDate "2008.??.??"]

1. d4 f5 2. g3 Nf6 3. Bg2 e6 4. c4 c6 5. Nf3 d5 6. O-O Bd6 7. b3 Qe7 8. a4 a5
9. Ba3 Bxa3 10. Nxa3 Nbd7 11. Qb1 Ne4 12. Qb2 b6 13. Rac1 Bb7 14. cxd5 exd5 15.
Nc2 O-O 16. Nce1 f4 17. Nd3 fxg3 18. hxg3 Rf6 19. Rc2 Rh6 20. Ra1 c5 21. Nde5
Nxe5 22. Nxe5 Rf8 23. e3 Qg5 24. dxc5 Qh5 25. f4 Qh2+ 26. Kf1 Ba6+ 27. Nc4 dxc4
28. bxc4 Nxg3+ 29. Ke1 Qg1+ 0-1

[Event "16ème Open de Saint Affrique"]
[Site "Saint Affrique"]
[Date "2008.07.25"]
[Round "8.9"]
[White "Inkiov, Ventzislav"]
[Black "Sasu-Ducsoara, Andreea-Teodora"]
[Result "0-1"]
[WhiteElo "2446"]
[BlackElo "2263"]
[PlyCount "92"]
[EventDate "2008.??.??"]

1. e4 d5 2. exd5 Qxd5 3. Nc3 Qd6 4. d4 Nf6 5. Nf3 c6 6. Ne5 Nbd7 7. Bf4 Nxe5 8.
Bxe5 Qb4 9. a3 Qb6 10. Bd3 Nd7 11. Qd2 Nxe5 12. dxe5 Be6 13. O-O-O g6 14. Bc4
Rd8 15. Qxd8+ Qxd8 16. Rxd8+ Kxd8 17. Bxe6 Bh6+ 18. Kb1 fxe6 19. Ne4 b6 20. g3
g5 21. f3 Rf8 22. h4 Rxf3 23. hxg5 Re3 24. Rh4 Re1+ 25. Ka2 Bg7 26. Nf2 Rxe5
27. Nh3 Ke8 28. Rxh7 Kf7 29. Rh4 Re3 30. Rc4 Rxg3 31. Nf2 c5 32. Ne4 Re3 33. a4
Kg6 34. Nf2 Kxg5 35. a5 Kf5 36. a6 Re2 37. Nd3 Re4 38. Kb3 Rxc4 39. Kxc4 e5 40.
Kd5 e4 41. Nf2 Bd4 42. Nxe4 e6+ 43. Kc6 Kxe4 44. c4 b5 45. b3 bxc4 46. bxc4 Kd3
0-1

[Event "16ème Open de Saint Affrique"]
[Site "Saint Affrique"]
[Date "2008.07.25"]
[Round "8.10"]
[White "Philippe, Christophe"]
[Black "Fischer, Marc"]
[Result "1-0"]
[WhiteElo "2442"]
[BlackElo "2250"]
[PlyCount "45"]
[EventDate "2008.??.??"]

1. e4 e6 2. d4 d5 3. Nc3 Nf6 4. Bg5 Bb4 5. Nge2 h6 6. Bxf6 Qxf6 7. a3 Bxc3+ 8.
Nxc3 O-O 9. Qd2 c5 10. dxc5 dxe4 11. O-O-O Qe5 12. Qd6 Qf5 13. f3 exf3 14. gxf3
Nd7 15. Bb5 Nxc5 16. Rhg1 a6 17. Rxg7+ Kxg7 18. Rg1+ Kf6 19. Qxf8 axb5 20. Qd8+
Ke5 21. Re1+ Kf4 22. Qh4+ Kxf3 23. Qg3# 1-0

[Event "16ème Open de Saint Affrique"]
[Site "Saint Affrique"]
[Date "2008.07.26"]
[Round "9.2"]
[White "Karpatchev, Aleksandr"]
[Black "Gozzoli, Yannick"]
[Result "1-0"]
[WhiteElo "2460"]
[BlackElo "2502"]
[PlyCount "83"]
[EventDate "2008.??.??"]

1. e4 e5 2. Nf3 Nc6 3. Bc4 Nf6 4. Ng5 Bc5 5. d4 d5 6. Bxd5 Nxd5 7. dxc5 Ndb4 8.
a3 Qxd1+ 9. Kxd1 Na6 10. b4 f6 11. Nf3 Bg4 12. c3 Nab8 13. Kc2 Nd7 14. Be3 f5
15. exf5 Bxf5+ 16. Kb2 O-O 17. Nbd2 Bd3 18. Ng5 Nf6 19. f3 Ne7 20. Rhe1 Ng6 21.
Rad1 Nh4 22. Rg1 h6 23. Nge4 Nxe4 24. Nxe4 Rad8 25. Bf2 Bxe4 26. Bxh4 Rxd1 27.
Rxd1 Bc6 28. c4 a6 29. Bg3 e4 30. fxe4 Bxe4 31. Bxc7 Rf2+ 32. Kc3 Rc2+ 33. Kb3
Rxg2 34. Rd8+ Kf7 35. b5 Rg1 36. Rd4 Bh1 37. Kb4 Ra1 38. a4 Ke7 39. Ka5 Bf3 40.
c6 bxc6 41. bxa6 c5 42. Rd5 1-0

[Event "16ème Open de Saint Affrique"]
[Site "Saint Affrique"]
[Date "2008.07.26"]
[Round "9.3"]
[White "Bedouin, Xavier"]
[Black "Riff, Jean-Noel"]
[Result "1/2-1/2"]
[WhiteElo "2365"]
[BlackElo "2481"]
[PlyCount "34"]
[EventDate "2008.??.??"]

1. e4 c5 2. c3 d5 3. exd5 Qxd5 4. d4 g6 5. Nf3 Bg7 6. Na3 cxd4 7. Bc4 Qd8 8.
Nb5 a6 9. Nbxd4 Nh6 10. Qa4+ Nd7 11. Bxh6 Bxh6 12. Ne5 O-O 13. Ne6 fxe6 14.
Bxe6+ Kh8 15. Bxd7 Bg7 16. Bxc8 Qxc8 17. Qe4 Qe6 1/2-1/2

[Event "16ème Open de Saint Affrique"]
[Site "Saint Affrique"]
[Date "2008.07.26"]
[Round "9.86"]
[White "Boyd, Christopher"]
[Black "Laccore, Henri"]
[Result "1-0"]
[WhiteElo "1110"]
[BlackElo "1440"]
[PlyCount "109"]
[EventDate "2008.??.??"]

1. e4 d5 2. e5 Bf5 3. d4 e6 4. Bd3 Bxd3 5. Qxd3 Nd7 6. Nf3 c6 7. O-O Qc7 8. c4
O-O-O 9. cxd5 exd5 10. Ng5 Nb6 11. Qf5+ Qd7 12. Qxf7 Qxf7 13. Nxf7 Re8 14. Nxh8
Re7 15. Nc3 g6 16. Bg5 Rc7 17. f4 Bg7 18. f5 Bxh8 19. f6 Rf7 20. e6 Rxf6 21.
Bxf6 Bxf6 22. Rae1 Kd8 23. Rf3 Ke7 24. Rh3 Bxd4+ 25. Kh1 Nf6 26. g4 h5 27. g5
Nh7 28. Ne2 Nxg5 29. Rg3 Bf6 30. Nf4 Nc8 31. Nxg6+ Kd6 32. e7 Bxe7 33. Nxe7
Nxe7 34. Rxg5 a5 35. Rge5 Nc8 36. Re6+ Kc5 37. Re8 Nd6 38. Rh8 Nc4 39. b3 Na3
40. Rxh5 Nc2 41. Re8 b5 42. Rh7 Nb4 43. a3 Nc2 44. Rc7 Nxa3 45. Rec8 Kb4 46.
Rxc6 Kxb3 47. Rc3+ Kb4 48. Rd3 d4 49. Rxd4+ Nc4 50. Rb8 a4 51. Rd5 Na3 52. h4
Kc4 53. Rg5 b4 54. Rg4+ Kc3 55. Rgxb4 1-0